Statistics for 4-Letter Capitals

Click here to take the quiz!

General Stats

  • This quiz has been taken 327 times
  • The average score is 10 of 14

Answer Stats

4-letter capital% Correct
Rome
89%
Lima
86%
Oslo
82%
Bern
78%
Riga
77%
Kiev
74%
Lome
73%
Baku
72%
Suva
70%
Doha
69%
Apia
68%
Dili
68%
Juba
67%
Male
65%

Score Distribution

Percentile by Number Answered

Percent of People with Each Score

Your Score History

You have not taken this quiz